UM Logo

Mastering pricing and costing : (Record no. 23910)

MARC details
000 -LEADER
fixed length control field 00804nam a2200217 4500
005 - DATE AND TIME OF LATEST TRANSACTION
control field 20250930135130.0
008 - FIXED-LENGTH DATA ELEMENTS--GENERAL INFORMATION
fixed length control field 250930b |||||||| |||| 00| 0 eng d
020 ## - INTERNATIONAL STANDARD BOOK NUMBER
International Standard Book Number 9786214063482
082 ## - DEWEY DECIMAL CLASSIFICATION NUMBER
Classification number DFil 658.816 P260 2024
100 ## - MAIN ENTRY--PERSONAL NAME
Personal name Pasahol, Jhon Ven Saint Laqui
9 (RLIN) 68243
245 ## - TITLE STATEMENT
Title Mastering pricing and costing :
Remainder of title strategies for profitable business growth /
Statement of responsibility, etc. Jhon Ven Saint Laqui Pasahol and Hernan M. Oliveros.
260 ## - PUBLICATION, DISTRIBUTION, ETC. (IMPRINT)
Place of publication, distribution, etc. Manila :
Name of publisher, distributor, etc. Mindshapers Co., Inc.,
Date of publication, distribution, etc. ©2024.
300 ## - PHYSICAL DESCRIPTION
Extent viii, 208 pages :
Other physical details illustrations ;
Dimensions 25 cm.
500 ## - GENERAL NOTE
General note Includes references.
650 #0 - SUBJECT ADDED ENTRY--TOPICAL TERM
Topical term or geographic name as entry element Activity-based costing.
9 (RLIN) 68244
650 #0 - SUBJECT ADDED ENTRY--TOPICAL TERM
Topical term or geographic name as entry element Managerial accounting.
9 (RLIN) 68245
650 #0 - SUBJECT ADDED ENTRY--TOPICAL TERM
Topical term or geographic name as entry element Cost accounting.
9 (RLIN) 68246
650 #0 - SUBJECT ADDED ENTRY--TOPICAL TERM
Topical term or geographic name as entry element Pricing.
9 (RLIN) 68247
700 ## - ADDED ENTRY--PERSONAL NAME
Personal name Oliveros, Hernan M.,
Relator term author.
9 (RLIN) 68248
942 ## - ADDED ENTRY ELEMENTS (KOHA)
Source of classification or shelving scheme Dewey Decimal Classification
Koha item type Filipiniana
Holdings
Withdrawn status Lost status Source of classification or shelving scheme Damaged status Not for loan Collection code Home library Current library Date acquired Source of acquisition Cost, normal purchase price Total Checkouts Full call number Barcode Date last seen Price effective from Koha item type
    Dewey Decimal Classification     Filipiniana UM Digos College - LIC UM Digos College - LIC 08/11/2025 Purchased 1275.00   DFil 658.816 P260 2024 28997 09/30/2025 09/30/2025 Filipiniana